[Event "FRA-chT1A 1112"]
[Site "France"]
[Date "2012.01.15"]
[Round "7.3"]
[White "Cotonnec, Melkior"]
[Black "Iordanov, Nikolay"]
[Result "1/2-1/2"]
[WhiteElo "2315"]
[BlackElo "2211"]
[PlyCount "95"]
[EventDate "2011.10.16"]
[EventType "team-tourn"]
[EventRounds "11"]
[EventCountry "FRA"]
[SourceTitle "EXT 2013"]
[Source "ChessBase"]
[SourceDate "2012.11.22"]
[SourceVersion "1"]
[SourceVersionDate "2012.11.22"]
[SourceQuality "1"]
[WhiteTeam "Issy les Moulineaux"]
[BlackTeam "JEEN"]
[WhiteTeamCountry "FRA"]
[BlackTeamCountry "FRA"]

1. d4 d5 2. Nf3 Nf6 3. e3 e6 4. Bd3 b6 5. 0-0 Bb7 6. c4 Bd6 7. Nc3 0-0 8. Re1 Nbd7 9. e4 Nxe4 10. Nxe4 dxe4 11. Bxe4 Bxe4 12. Rxe4 Nf6 13. Rh4 c5 14. b3 Qe7 15. Bb2 h6 16. Qe2 cxd4 17. Nxd4 Qb7 18. Nf5 exf5 19. Bxf6 Rfe8 20. Qd2 Re6 21. Bc3 Rae8 22. Rd1 Qe7 23. Rh3 Re2 24. Qd3 Bc5 25. Rf3 Qe4 26. h3 Qxd3 27. Rdxd3 g6 28. a4 a5 29. g3 R8e6 30. Kf1 Kf8 31. Rd2 Rxd2 32. Bxd2 h5 33. Rd3 Ke7 34. Bg5+ f6 35. Bf4 g5 36. Bc7 Rc6 37. Bd8+ Ke6 38. Ke2 Rc8 39. Kf3 g4+ 40. hxg4 fxg4+ 41. Ke2 Rc6 42. Rd5 f5 43. f4 Rd6 44. Re5+ Kd7 45. Be7 Re6 46. Rxe6 Kxe6 47. Bxc5 bxc5 48. Kf2 1/2-1/2

[Event "FRA-chT1A 1112"]
[Site "France"]
[Date "2011.11.13"]
[Round "3.1"]
[White "Pinter, Jozsef"]
[Black "Iordanov, Nikolay"]
[Result "1-0"]
[WhiteElo "2549"]
[BlackElo "2211"]
[PlyCount "217"]
[EventDate "2011.10.16"]
[EventType "team-tourn"]
[EventRounds "11"]
[EventCountry "FRA"]
[SourceTitle "EXT 2013"]
[Source "ChessBase"]
[SourceDate "2012.11.22"]
[SourceVersion "1"]
[SourceVersionDate "2012.11.22"]
[SourceQuality "1"]
[WhiteTeam "Loures Barousse"]
[BlackTeam "JEEN"]
[WhiteTeamCountry "FRA"]
[BlackTeamCountry "FRA"]

1. d4 d5 2. c4 e6 3. Nc3 Nf6 4. Bg5 Be7 5. Nf3 0-0 6. Rc1 Ne4 7. Bxe7 Qxe7 8. g3 Qb4 9. Qb3 Qxb3 10. axb3 Nxc3 11. Rxc3 c6 12. Bg2 Nd7 13. 0-0 Rd8 14. e3 Nf6 15. Ne5 Ne4 16. Bxe4 dxe4 17. c5 Rd5 18. Nc4 f6 19. Ra1 a6 20. f4 exf3 21. Nb6 Rb8 22. Nxd5 exd5 23. Kf2 Bg4 24. b4 Bd7 25. Kxf3 Re8 26. Ke2 h5 27. Kd2 g6 28. Kc2 Kf7 29. Kb3 Ke7 30. b5 axb5 31. Ra7 Bc8 32. Kc2 Kd8 33. Kd2 Kc7 34. Rc1 f5 35. Rf1 Re7 36. Ra8 Re4 37. Rf4 Re7 38. h3 Rh7 39. Ke2 Re7 40. Kf2 Rh7 41. Kg2 Re7 42. Rf3 Rh7 43. g4 hxg4 44. hxg4 fxg4 45. Rf6 Bf5 46. Raf8 b4 47. R6f7+ Rxf7 48. Rxf7+ Kb8 49. Kg3 b3 50. Kf4 Ka7 51. Kg3 Kb8 52. Rh7 Ka7 53. Kf2 Ka6 54. Rh1 Kb5 55. Ke2 b6 56. cxb6 Kxb6 57. Kd2 c5 58. dxc5+ Kxc5 59. Rc1+ Kd6 60. Ke2 Ke5 61. Rd1 Be4 62. Kf2 Kf5 63. Rd4 Ke5 64. Rb4 Bc2 65. Rxg4 Be4 66. Rg5+ Kd6 67. Rg1 Ke5 68. Rd1 Bc2 69. Rd4 Be4 70. Kg3 Bc2 71. Rb4 Kf5 72. Rf4+ Ke5 73. Kf2 Be4 74. Rf8 Kd6 75. Kg3 Ke5 76. Rb8 Bc2 77. Re8+ Kf5 78. Kf2 Be4 79. Ke2 Bc2 80. Rb8 Ke5 81. Kd2 Kd6 82. Re8 Kd7 83. Re5 Kd6 84. Rg5 Ke6 85. Kc3 Kd6 86. Kd4 Be4 87. Re5 Bf3 88. Re8 Be4 89. Rb8 Bc2 90. Rd8+ Ke6 91. Rxd5 Kf6 92. e4 g5 93. Rd6+ Kf7 94. Ke5 g4 95. Rd2 Kg6 96. Kf4 Kh5 97. e5 g3 98. Kxg3 Kg6 99. Kf4 Kf7 100. Rd6 Ke7 101. Ke3 Kf7 102. Kd4 Ke7 103. Kd5 Bd1 104. Re6+ Kd7 105. Rf6 Ke7 106. Rf4 Bc2 107. e6 Bd1 108. Rf7+ Ke8 109. Kd6 1-0

[Event "Syre Memorial op 31st"]
[Site "Issy les Moulineaux"]
[Date "2008.05.01"]
[Round "1"]
[White "Gantner, Ludovic"]
[Black "Iordanov, Nikolay"]
[Result "0-1"]
[WhiteElo "2044"]
[BlackElo "2187"]
[PlyCount "76"]
[EventDate "2008.05.01"]
[EventType "swiss"]
[EventRounds "6"]
[EventCountry "FRA"]
[SourceTitle "EXT 2010"]
[Source "ChessBase"]
[SourceDate "2010.11.25"]
[SourceVersion "1"]
[SourceVersionDate "2010.11.25"]
[SourceQuality "1"]

1. e4 e5 2. Nf3 Nc6 3. Bb5 f5 4. Nc3 fxe4 5. Nxe4 d5 6. Nxe5 dxe4 7. Nxc6 Qd5 8. c4 Qd6 9. Nxa7+ Bd7 10. Bxd7+ Qxd7 11. Qh5+ g6 12. Qe5+ Kf7 13. Nb5 c6 14. Qd4 Qxd4 15. Nxd4 Bg7 16. Nc2 Ra4 17. Ne3 Nf6 18. 0-0 Nd7 19. a3 Nc5 20. Rb1 Nb3 21. f3 Rd8 22. fxe4+ Ke6 23. Rd1 Bd4 24. Kf2 Rxc4 25. Ke2 Bxe3 26. Kxe3 Ke5 27. d3 Rxe4+ 28. Kf2 Rf8+ 29. Kg1 Re2 30. Rf1 Rxf1+ 31. Kxf1 Nxc1 32. Rxc1 Rxb2 33. Rd1 Kd6 34. a4 b5 35. axb5 cxb5 36. h4 b4 37. h5 b3 38. hxg6 hxg6 0-1

[Event "Rosny sous Bois 03rd"]
[Site "Rosny sous Bois"]
[Date "2004.10.31"]
[Round "9"]
[White "Prevot, Emmanuel"]
[Black "Iordanov, Nikolay"]
[Result "1-0"]
[WhiteElo "2241"]
[BlackElo "2211"]
[PlyCount "93"]
[EventDate "2004.10.23"]
[EventType "tourn"]
[EventRounds "9"]
[EventCountry "FRA"]
[EventCategory "4"]
[SourceTitle "EXT 2005"]
[Source "ChessBase"]
[SourceDate "2004.11.15"]
[SourceVersion "1"]
[SourceVersionDate "2004.11.15"]
[SourceQuality "1"]

1. e4 e5 2. Nf3 Nc6 3. Bc4 Bc5 4. c3 Nf6 5. d3 d6 6. Nbd2 Be6 7. Bb5 a6 8. Ba4 b5 9. Bc2 Bb6 10. a4 h6 11. 0-0 0-0 12. Re1 Ng4 13. Re2 f5 14. Bb3 Bxb3 15. Qxb3+ Kh7 16. h3 fxe4 17. dxe4 Nf6 18. axb5 axb5 19. Rxa8 Qxa8 20. Qxb5 Qb7 21. Qa4 Ne7 22. Qb4 Rb8 23. Qc4 Ng6 24. Nf1 Nh5 25. Be3 Nhf4 26. Rd2 Rf8 27. Bxb6 Qxb6 28. Kh2 Qb7 29. Ne3 Qc8 30. Nf5 d5 31. Rxd5 Nxd5 32. Qxd5 c6 33. Qc5 Qe6 34. h4 Re8 35. g3 Ne7 36. Nd6 Rd8 37. Nc4 Ng6 38. h5 Nf4 39. gxf4 Qg4 40. Ncxe5 Qxh5+ 41. Kg2 Rd1 42. Qxc6 g5 43. Qb7+ Kh8 44. Nf7+ Kg8 45. Nxh6+ Kh8 46. Qc8+ Kh7 47. Qg8+ 1-0

[Event "FRA-chT2 0405"]
[Site "France"]
[Date "2004.10.10"]
[Round "1.5"]
[White "Cohen, Aurelien"]
[Black "Iordanov, Nikolay"]
[Result "0-1"]
[WhiteElo "2155"]
[BlackElo "2211"]
[PlyCount "64"]
[EventDate "2004.10.10"]
[EventType "team"]
[EventRounds "11"]
[EventCountry "FRA"]
[SourceTitle "EXT 2006"]
[Source "ChessBase"]
[SourceDate "2005.11.24"]
[SourceVersion "1"]
[SourceVersionDate "2005.11.24"]
[SourceQuality "1"]
[WhiteTeam "Paris NAO II"]
[BlackTeam "Paris Chess XV I"]
[WhiteTeamCountry "FRA"]
[BlackTeamCountry "FRA"]

1. e4 e5 2. Nf3 Nc6 3. Bb5 f5 4. Qe2 fxe4 5. Qxe4 Nf6 6. Qe2 d6 7. d4 e4 8. Bg5 d5 9. Ne5 Bd7 10. Bxf6 Qxf6 11. Qh5+ g6 12. Nxd7 Kxd7 13. Qxd5+ Bd6 14. 0-0 a6 15. Bxc6+ bxc6 16. Qxe4 Rae8 17. Qg4+ Kd8 18. Nc3 h5 19. Qf3 Qxd4 20. Rad1 Qe5 21. Rxd6+ Qxd6 22. Rd1 Kc8 23. h4 Rhf8 24. Rxd6 Rxf3 25. Rd2 Re1+ 26. Kh2 Rf6 27. f3 Rd6 28. Rf2 Rd8 29. Kg3 Kb7 30. Kf4 Re6 31. Ne4 Rf8+ 32. Kg5 Rxe4 0-1